| 000 | 00745nam a2200229 4500 | ||
|---|---|---|---|
| 010 | _aA-825963 | ||
| 020 | _a0074620959 | ||
| 035 | _aA-825963 | ||
| 037 | _bCen Lib / Ret | ||
| 040 |
_aDPL _bEN |
||
| 082 |
_a510 _bBAL |
||
| 100 | _aBalasubrahmanyam, P. | ||
| 245 |
_aAncillary mathematics / _cby P. Balasubrahmanyam [and] K. G. Subramanian |
||
| 260 |
_aNew York _bTata McGraw-Hill Publishing _c1996 |
||
| 270 |
_a4/12 Asaf Ali Road, _bNew Delhi _e110002 |
||
| 300 |
_av 1. 388p ; _b24cm(Hb) |
||
| 505 | _av 1. Algebra, Trigonometry, Three Dimensional Geometry and vector Analysis ; | ||
| 650 | _aMathematics. | ||
| 650 | _aMathematical physics. | ||
| 700 | _aSubramanian, K. G. | ||
| 942 |
_2ddc _cEN _h510 _mBAL |
||
| 999 |
_c136504 _d136504 |
||